|
|
|
|
| LEADER |
01886nam a2200325 a 4500 |
| 001 |
137824 |
| 008 |
090519s1996 bg b bs 000 0 eng d |
| 010 |
|
|
|a \\\97905417
|
| 040 |
|
|
|a DLC
|c DLC
|
| 082 |
0 |
0 |
|a 618.35492
|2 19
|
| 100 |
1 |
|
|a Akhtar, Halida Hanum.
|
| 245 |
1 |
2 |
|a A cross-sectional study on maternal morbidity in Bangladesh /
|c Halida Hanum Akhter, Mahbub E. Elahi K. Chowdhury, Arindom Sen.
|
| 260 |
|
|
|a Dhaka :
|b Bangladesh Institute of Research for Promotion of Essential & Reproductive Health and Technologies,
|c 1996.
|
| 300 |
|
|
|a xxxii, 144, [52] p. :
|b maps ;
|c 26 cm.
|
| 490 |
1 |
|
|a BIRPERHT publication ;
|v no. 112
|
| 490 |
1 |
|
|a Technical report ;
|v no. 60
|
| 504 |
|
|
|a Includes bibliographical references (p. 143).
|
| 541 |
1 |
|
|e 00002501
|
| 546 |
|
|
|a Appendices in English and Bengali.
|
| 650 |
|
0 |
|a Pregnancy
|x Complications
|z Bangladesh
|v Statistics.
|
| 650 |
|
0 |
|a Maternal health services
|z Bangladesh.
|
| 700 |
1 |
|
|a Chowdhury, Mahbub E. Elahi Khan.
|
| 700 |
1 |
|
|a Sen, Arindom.
|
| 710 |
2 |
|
|a Bangladesh Institute of Research for Promotion of Essential & Reproductive Health and Technologies.
|
| 830 |
|
0 |
|a Technical report (Bangladesh Institute of Research for Promotion of Essential & Reproductive Health and Technologies) ;
|v no. 60.
|
| 852 |
4 |
|
|a Ayesha Abed Library
|j Generalshelf
|
| 999 |
|
|
|c 911
|d 911
|
| 952 |
|
|
|0 0
|1 0
|2 ddc
|4 0
|6 618_354920000000000_AKH
|7 0
|8 NFIC
|9 842
|a BRACUL
|b BRACUL
|c GEN
|d 2009-05-21
|g 0.00
|l 1
|o 618.35492 AKH
|p 3010012501
|r 2015-03-11
|s 2015-02-27
|t 1
|w 2009-05-21
|y BK
|x No price found in the accession register.
|
| 952 |
|
|
|0 0
|1 0
|2 ddc
|4 0
|6 618_354920000000000_AKH_1996
|7 0
|8 NFIC
|9 10289
|a BRACUL
|b BRACUL
|c GEN
|d 2010-05-17
|l 1
|o 618.35492 AKH
|p 3010006117
|r 2014-12-06
|s 2014-12-03
|t 2
|w 2010-05-17
|y BK
|
| 952 |
|
|
|0 0
|1 0
|2 ddc
|4 0
|6 618_354920000000000_AKH_1996
|7 0
|8 NFIC
|9 10290
|a BRACUL
|b BRACUL
|c GEN
|d 2010-05-17
|l 0
|o 618.35492 AKH
|p 3010006563
|r 2010-05-17
|t 3
|w 2010-05-17
|y BK
|